| 000 | 00518nam a2200193 i 4500 | ||
|---|---|---|---|
| 001 | 98117 | ||
| 003 | ES-MaACL | ||
| 007 | t| | ||
| 008 | 050726s1955 sp ||||1| spa d | ||
| 100 | 1 |
_aMarroquí, José Joaquín. _977084 |
|
| 245 | 1 | 4 |
_aLos caminos muertos / _cJosé Joaquín Marroquí. |
| 250 | _a[1ª ed.]. | ||
| 260 |
_aBarcelona : _bLuis de Caralt, _c1955. |
||
| 300 |
_a320 p. ; _c20 cm. |
||
| 490 | 1 | _aGigante | |
| 830 | 0 |
_aGigante _9181050 |
|
| 852 |
_aES-MaACL _jC-9685 _bR.37409 |
||
| 999 |
_c98117 _d98117 |
||